000 00543nam a2200193Ia 4500
008 151119s9999||||xx |||||||||||||| ||und||
082 _a891.461सावंत/गहिव
082 _bGKKV33937
100 _aसावंत रमेश
245 _aगहिवर
260 _aवसई
260 _bस्मित प्रकाशन
260 _c2012
600 _aसावंत रमेश
630 _aगहिवर
700 _aसावंत रमेश
730 _aगहिवर
942 _cBOOK
999 _c1086230
_d1086227